| 000 | 01047nac a22003377a 4500 | ||
|---|---|---|---|
| 001 | BR0003764 | ||
| 003 | BR-BrBNA | ||
| 005 | 20240105122441.0 | ||
| 008 | 230509b bl.|||m| |||| 00| 0 por d | ||
| 040 |
_aBR-BrBNA _bpor _cBiblioteca Nacional de Agricultura |
||
| 072 | _aP33 | ||
| 090 | _aP33 BR0003764 | ||
| 100 | 1 | _aConceicao, M. da | |
| 100 | 1 | _aManzatto, C.V. | |
| 100 | 1 | _aAraujo, W.S.A. de | |
| 100 | 1 | _aMartin Neto, L. | |
| 100 | 1 | _aSaab, S. da C. | |
| 100 | 1 | _aCunha, T.J.F. | |
| 100 | 1 | _aFreixo, A.A. | |
| 110 | 1 |
_aEMBRAPA Solos, Rio de Janeiro, RJ (Brasil) _93741 |
|
| 245 | 1 | _aEstudos comparativos de metodos de determinacao do teor de materia organica em organossolos | |
| 260 | 3 |
_aRio de Janeiro, RJ (Brasil): _c1999. |
|
| 300 | _a5 p. | ||
| 490 |
_aComunicado Tecnico - EMBRAPA Solos (Brazil) _vno. 2 _xISSN 1517-5615 |
||
| 500 | _a17 ref. | ||
| 650 | _aMateria Organica | ||
| 650 | _aSolo Organico | ||
| 650 | _aAnalise Quimica | ||
| 909 |
_a202312 _bLúcia Elande _c55 _dLúcia Elande |
||
| 942 |
_2AGRIS _n0 _cMS |
||
| 999 |
_c291099 _d291099 |
||